[Event "25th European Teams Women"]
[Site "Batumi GEO"]
[Date "2025.10.06"]
[Round "2.3"]
[Board "3"]
[White "Beydullayeva, Govhar"]
[Black "Papp, Petra"]
[Result "1/2-1/2"]
[WhiteTitle "WGM"]
[BlackTitle "WGM"]
[WhiteElo "2362"]
[BlackElo "2267"]
[WhiteTeam "Azerbaijan"]
[BlackTeam "Hungary"]
[WhiteFideId "13413015"]
[BlackFideId "739049"]
[EventDate "2025.10.05"]

1. d4 Nf6 2. c4 g6 3. f3 d5 4. cxd5 Nxd5 5. e4 Nb6 6. Nc3 Bg7 7. Be3 O-O 8. Qd2
e5 9. d5 c6 10. h4 cxd5 11. exd5 N8d7 12. h5 Nf6 13. hxg6 fxg6 14. O-O-O Bd7 15.
d6 Rc8 16. Kb1 e4 17. fxe4 Ng4 18. Bg5 Qe8 19. Nf3 Rf7 20. Qe1 h6 21. Be7 Rxe7
22. dxe7 Qxe7 23. Qd2 Be6 24. e5 Bf5+ 25. Ka1 Nxe5 26. Nxe5 Qxe5 27. Bd3 Bxd3
28. Qxd3 Kh7 29. Rhe1 Qf6 30. Rf1 Qc6 1/2-1/2

[Event "25th European Teams Women"]
[Site "Batumi GEO"]
[Date "2025.10.06"]
[Round "2.3"]
[Board "4"]
[White "Terbe, Julianna"]
[Black "Allahverdiyeva, Ayan"]
[Result "0-1"]
[WhiteTitle "WIM"]
[BlackTitle "WIM"]
[WhiteElo "2206"]
[BlackElo "2220"]
[WhiteTeam "Hungary"]
[BlackTeam "Azerbaijan"]
[WhiteFideId "708780"]
[BlackFideId "13412590"]
[EventDate "2025.10.05"]

1. d4 Nf6 2. c4 e6 3. Nc3 Bb4 4. Qc2 d5 5. a3 Bxc3+ 6. Qxc3 Ne4 7. Qc2 c5 8.
dxc5 Nc6 9. Nf3 Qa5+ 10. Bd2 Qxc5 11. e3 Nxd2 12. Nxd2 O-O 13. Bd3 h6 14. Bh7+
Kh8 15. cxd5 Qxd5 16. Be4 Qb5 17. Nc4 f5 18. Bd3 e5 19. O-O e4 20. Be2 f4 21.
exf4 Nd4 22. Qd2 Nxe2+ 23. Qxe2 Be6 24. b3 Rxf4 25. Qe3 Raf8 26. Nd2 Qf5 27. f3
exf3 28. Rxf3 Bd5 29. Rxf4 Qxf4 30. Re1 Qg4 31. Qe2 Qg6 32. b4 Qb6+ 33. Qe3 Re8
34. Qxb6 Rxe1+ 35. Kf2 axb6 36. Kxe1 Bxg2 37. Kf2 Bc6 38. Nc4 b5 39. Ne5 g5 40.
Kg3 Kg7 41. h4 gxh4+ 42. Kxh4 Kf6 43. Ng4+ Kg6 44. Ne3 h5 45. Nc2 Be8 46. Ne3
Kf6 47. Nd5+ Ke5 48. Nc7 Bc6 49. Kxh5 b6 50. Kg5 Kd6 51. Na6 Bb7 52. Nb8 Ke5 0-1

[Event "25th European Teams Women"]
[Site "Batumi GEO"]
[Date "2025.10.06"]
[Round "2.4"]
[Board "1"]
[White "Roebers, Eline"]
[Black "Stefanova, Antoaneta"]
[Result "1/2-1/2"]
[WhiteTitle "IM"]
[BlackTitle "GM"]
[WhiteElo "2383"]
[BlackElo "2393"]
[WhiteTeam "Netherlands"]
[BlackTeam "Bulgaria"]
[WhiteFideId "1058401"]
[BlackFideId "2902257"]
[EventDate "2025.10.05"]

1. e4 e5 2. Nf3 Nc6 3. d4 exd4 4. Nxd4 Bc5 5. Nf5 d6 6. Nxg7+ Kf8 7. Nh5 Qh4 8.
Ng3 Nf6 9. Be2 Nxe4 10. Nxe4 Qxe4 11. O-O Rg8 12. Bh6+ Ke8 13. Bf3 Qh4 14. Re1+
Ne5 15. Be3 Bxe3 16. Rxe3 Kf8 17. Nc3 Bg4 18. Qd4 Qf6 19. Kf1 Bxf3 20. Rxf3 Qg6
21. Rg3 Qxc2 22. Rxg8+ Kxg8 23. Nd5 Qd3+ 24. Qxd3 Nxd3 25. b3 c6 26. Rd1 cxd5
27. Rxd3 Rc8 28. Rxd5 Rc2 29. Rxd6 Rxa2 30. Rd7 b5 31. Rb7 a6 32. h4 h6 1/2-1/2

[Event "25th European Teams Women"]
[Site "Batumi GEO"]
[Date "2025.10.06"]
[Round "2.4"]
[Board "2"]
[White "Salimova, Nurgyul"]
[Black "Van Foreest, Machteld"]
[Result "1-0"]
[WhiteTitle "IM"]
[BlackTitle "FM"]
[WhiteElo "2385"]
[BlackElo "2314"]
[WhiteTeam "Bulgaria"]
[BlackTeam "Netherlands"]
[WhiteFideId "2915138"]
[BlackFideId "1051563"]
[EventDate "2025.10.05"]

1. d4 d5 2. c4 e6 3. Nf3 Nf6 4. g3 Bb4+ 5. Nbd2 dxc4 6. Bg2 O-O 7. O-O b5 8. Ne5
Nd5 9. a3 Bd6 10. b3 c3 11. Ne4 Bb7 12. Qc2 b4 13. axb4 f6 14. Nd3 Nc6 15. e3
Ncxb4 16. Nxb4 Bxb4 17. Ba3 a5 18. Nc5 Qc8 19. Rfe1 Re8 20. h4 Bc6 21. e4 Nb6
22. Nd3 Bxa3 23. Rxa3 a4 24. Qxc3 axb3 25. Rxb3 Bb7 26. Rc1 Re7 27. Nc5 Na4 28.
Nxa4 Rxa4 29. Qc5 Rd7 30. Rcb1 c6 31. Bh3 Rf7 32. Rxb7 Rxb7 33. Rxb7 Qxb7 34.
Bxe6+ Kh8 35. Qf8# 1-0

[Event "25th European Teams Women"]
[Site "Batumi GEO"]
[Date "2025.10.06"]
[Round "2.4"]
[Board "3"]
[White "Kazarian, Anna-Maja"]
[Black "Krasteva, Beloslava"]
[Result "1-0"]
[WhiteTitle "FM"]
[BlackTitle "FM"]
[WhiteElo "2244"]
[BlackElo "2316"]
[WhiteTeam "Netherlands"]
[BlackTeam "Bulgaria"]
[WhiteFideId "1033689"]
[BlackFideId "2922029"]
[EventDate "2025.10.05"]

1. e4 d6 2. d4 Nf6 3. Nc3 e5 4. Nf3 Nbd7 5. Bc4 Be7 6. O-O O-O 7. Re1 c6 8. a4
h6 9. Ba2 Re8 10. h3 exd4 11. Nxd4 Bf8 12. Bd2 a5 13. Qf3 Ne5 14. Qg3 Nh5 15.
Qh2 Qf6 16. Rad1 Qg6 17. f4 Nd7 18. Be3 Nc5 19. g4 Nf6 20. e5 dxe5 21. fxe5 Nh7
22. Rf1 Be6 23. Nxe6 Nxe6 24. Bc4 f6 25. Rd7 f5 26. Rxf5 Re7 27. Qd2 Kh8 28.
Rxf8+ Nhxf8 29. Rxe7 Ng5 30. Bxg5 1-0

[Event "25th European Teams Women"]
[Site "Batumi GEO"]
[Date "2025.10.06"]
[Round "2.4"]
[Board "4"]
[White "Radeva, Viktoria"]
[Black "Bensdorp-De Labaca, Marlies"]
[Result "1-0"]
[WhiteTitle "WGM"]
[BlackTitle "WIM"]
[WhiteElo "2292"]
[BlackElo "2215"]
[WhiteTeam "Bulgaria"]
[BlackTeam "Netherlands"]
[WhiteFideId "2915405"]
[BlackFideId "1009311"]
[EventDate "2025.10.05"]

1. e4 e6 2. d4 d5 3. e5 c5 4. c3 Nc6 5. Nf3 Bd7 6. Bd3 Rc8 7. O-O a6 8. dxc5
Bxc5 9. b4 Ba7 10. a4 Bb8 11. Re1 Nge7 12. b5 axb5 13. axb5 Na5 14. Qa4 Nc4 15.
Nbd2 Nxd2 16. Bxd2 Ng6 17. h4 f6 18. exf6 Qxf6 19. Bg5 Qf7 20. Bxg6 hxg6 21. Qb4
Qf8 22. Qd4 Kf7 23. Qb6 Rxc3 24. Rac1 Rxc1 25. Rxc1 Qb4 26. Qxb7 Qxb5 27. Rb1
Qc6 28. Qxb8 Rxb8 29. Ne5+ Ke8 30. Rxb8+ Qc8 31. Rxc8+ Bxc8 32. Nxg6 Ba6 33. Ne5
Be2 34. f3 Bd1 35. Kf2 Ba4 36. Ke3 Bb5 37. Kd4 Bf1 38. g3 Ba6 39. Kc5 1-0

[Event "25th European Teams Women"]
[Site "Batumi GEO"]
[Date "2025.10.06"]
[Round "2.5"]
[Board "1"]
[White "Wagner, Dinara"]
[Black "Atalik, Ekaterina"]
[Result "1/2-1/2"]
[WhiteTitle "IM"]
[BlackTitle "IM"]
[WhiteElo "2410"]
[BlackElo "2357"]
[WhiteTeam "Germany"]
[BlackTeam "Turkiye"]
[WhiteFideId "24157570"]
[BlackFideId "4130189"]
[EventDate "2025.10.05"]

1. d4 d5 2. c4 e6 3. Nf3 Nf6 4. g3 Be7 5. Bg2 O-O 6. O-O dxc4 7. Qc2 a6 8. a4
Bd7 9. Qxc4 Bc6 10. Bg5 Bd5 11. Qd3 Be4 12. Qe3 Bxb1 13. Raxb1 Nd5 14. Qd2 f6
15. Bf4 Nc6 16. Rfd1 a5 17. Qc2 Ncb4 18. Qb3 Nxf4 19. gxf4 Qd5 20. Qe3 Qf5 21.
Qd2 Bd6 22. e3 g5 23. fxg5 fxg5 24. e4 Qxe4 25. Qxg5+ Kh8 26. Ne5 Qf4 27. Qh5
Qxf2+ 28. Kh1 Qf5 29. Qh4 Qf6 30. Qh5 Bxe5 31. dxe5 Qf5 32. Qxf5 Rxf5 33. Rd7
Rxe5 34. Rf1 Rf5 35. Re1 Raf8 36. Rxe6 R8f7 37. Rxf7 Rxf7 38. Bxb7 1/2-1/2

[Event "25th European Teams Women"]
[Site "Batumi GEO"]
[Date "2025.10.06"]
[Round "2.5"]
[Board "2"]
[White "Caglar, Sila"]
[Black "Klek, Hanna Marie"]
[Result "1/2-1/2"]
[WhiteTitle "WIM"]
[BlackTitle "WGM"]
[WhiteElo "2304"]
[BlackElo "2328"]
[WhiteTeam "Turkiye"]
[BlackTeam "Germany"]
[WhiteFideId "6364063"]
[BlackFideId "24670057"]
[EventDate "2025.10.05"]

1. e4 e5 2. Nf3 Nc6 3. Bc4 Bc5 4. c3 Nf6 5. d3 d6 6. O-O a5 7. Re1 h6 8. Nbd2
O-O 9. Nf1 a4 10. Bb5 a3 11. b4 Bb6 12. h3 Ne7 13. d4 d5 14. Ng3 exd4 15. e5 Ne4
16. cxd4 Nc3 17. Qd3 Nxb5 18. Qxb5 Nc6 19. Qd3 Nxb4 20. Qb3 c5 21. Be3 cxd4 22.
Bxh6 Bc5 23. Bd2 Nc6 24. Qd3 Nb4 25. Qb3 Nc6 26. Qd3 Nb4 27. Qb3 1/2-1/2

[Event "25th European Teams Women"]
[Site "Batumi GEO"]
[Date "2025.10.06"]
[Round "2.5"]
[Board "3"]
[White "Safarli, Josefine"]
[Black "Aydin, Gulenay"]
[Result "1/2-1/2"]
[WhiteTitle "WGM"]
[BlackTitle "WIM"]
[WhiteElo "2276"]
[BlackElo "2237"]
[WhiteTeam "Germany"]
[BlackTeam "Turkiye"]
[WhiteFideId "12900460"]
[BlackFideId "34557431"]
[EventDate "2025.10.05"]

1. e4 c5 2. Nf3 g6 3. d4 cxd4 4. Nxd4 Nc6 5. c4 Nf6 6. Nc3 d6 7. Be2 Nxd4 8.
Qxd4 Bg7 9. Be3 O-O 10. Qd2 a5 11. f3 a4 12. Rc1 Be6 13. O-O Qa5 14. Rfd1 Rfc8
15. Nd5 Qxd2 16. Nxf6+ Bxf6 17. Rxd2 b5 18. c5 dxc5 19. Rxc5 Rxc5 20. Bxc5 Bxa2
21. Bxb5 Ra5 22. Rd8+ Kg7 23. Rb8 Bxb2 24. Bxe7 Bd4+ 25. Kh1 a3 26. f4 Rxb5 27.
Rxb5 Bc4 28. Bc5 Bc3 29. Bb4 Bd4 30. Bc5 Bxb5 31. Bxd4+ Kg8 32. Kg1 Bc6 33. e5
h5 34. Kf2 a2 35. h4 Bd7 36. Ke3 Kf8 37. Kd2 Ke7 38. Kc2 Bc6 39. g3 Ke6 40. Kb2
Bd5 41. Bb6 Kf5 42. Bd8 Kg4 43. Bg5 Kxg3 44. Ka1 Kf3 45. Kb2 Ke4 46. Ka1 Kd4 47.
Kb2 Kd3 48. Ka1 Kc2 49. Bf6 Be6 50. Bg5 1/2-1/2

[Event "25th European Teams Women"]
[Site "Batumi GEO"]
[Date "2025.10.06"]
[Round "2.5"]
[Board "4"]
[White "Yildiz, Elif Zeren"]
[Black "Schulze, Lara"]
[Result "0-1"]
[WhiteTitle "WFM"]
[BlackTitle "FM"]
[WhiteElo "2158"]
[BlackElo "2319"]
[WhiteTeam "Turkiye"]
[BlackTeam "Germany"]
[WhiteFideId "34588124"]
[BlackFideId "12956830"]
[EventDate "2025.10.05"]

1. e4 e5 2. Nf3 Nc6 3. d4 exd4 4. Nxd4 Nf6 5. Nxc6 bxc6 6. e5 Qe7 7. Qe2 Nd5 8.
c4 Ba6 9. Nd2 g6 10. Nf3 Bg7 11. Bg5 f6 12. exf6 Qxe2+ 13. Bxe2 Nxf6 14. O-O-O
O-O-O 15. Bd3 c5 16. Rhe1 Rde8 17. Ne5 d6 18. Bxf6 Bxf6 19. Ng4 Bd4 20. b3 Bb7
21. f3 h5 22. Rxe8+ Rxe8 23. Bxg6 Rh8 24. Rxd4 cxd4 25. Nf6 h4 26. Kd2 Kd8 27.
Be4 Ke7 28. Nd5+ Bxd5 29. cxd5 Rg8 30. g3 hxg3 31. hxg3 Rxg3 32. Kd3 Rg2 33. a3
Rb2 34. Kc4 Kf6 35. f4 Rf2 36. Kxd4 Rxf4 37. b4 Rf2 38. a4 Rb2 39. Kc4 Ke5 40.
Bg6 Rg2 41. Bf7 Rg7 42. Bh5 Rh7 43. Bf3 Rh3 44. Bg2 Rh2 45. Bf3 Rf2 46. Bd1 Rf4+
47. Kb5 Kxd5 48. a5 c5 49. Ka6 Rxb4 50. Kxa7 c4 51. a6 c3 52. Ka8 Rb2 53. a7 c2 0-1

[Event "25th European Teams Women"]
[Site "Batumi GEO"]
[Date "2025.10.06"]
[Round "2.6"]
[Board "1"]
[White "Mkrtchian, Lilit"]
[Black "Bulmaga, Irina"]
[Result "0-1"]
[WhiteTitle "IM"]
[BlackTitle "IM"]
[WhiteElo "2377"]
[BlackElo "2396"]
[WhiteTeam "Armenia"]
[BlackTeam "Romania"]
[WhiteFideId "13300601"]
[BlackFideId "13903063"]
[EventDate "2025.10.05"]

1. Nf3 Nf6 2. c4 e6 3. b3 d5 4. Bb2 Bd6 5. g3 c5 6. cxd5 exd5 7. Bg2 Nc6 8. O-O
O-O 9. d4 Re8 10. Nc3 a6 11. dxc5 Bxc5 12. e3 Be6 13. Rc1 Ba7 14. Ne2 Qe7 15.
Ned4 Bd7 16. Nxc6 bxc6 17. Ne5 Rac8 18. Qd3 a5 19. Qa6 Bc5 20. Nxd7 Nxd7 21. Bh3
Rc7 22. Bxd7 Rxd7 23. Qxa5 Bb4 24. Qb6 c5 25. a3 Rb7 26. Qc6 Bd2 27. Rc2 Ba5 28.
Qxd5 Bb6 29. Rc4 Rd7 30. Qf5 Rd6 31. Rg4 f6 32. Rh4 g6 33. Qc2 g5 34. Ra4 Kg7
35. Qf5 h6 36. Bc3 Red8 37. h4 Rd5 38. Qc2 Qd7 39. h5 Rd3 40. Qb2 Qf5 41. Ba5
Rd1 42. Be1 Qd3 43. Qc3 Qb1 44. Rc4 R8d3 45. Qc2 Rxb3 46. Kg2 Qxc2 47. Rxc2 Rbb1
48. Ba5 Rxf1 49. Bxb6 Rg1+ 50. Kh2 g4 51. f4 gxf3 0-1

[Event "25th European Teams Women"]
[Site "Batumi GEO"]
[Date "2025.10.06"]
[Round "2.6"]
[Board "2"]
[White "Sandu, Mihaela"]
[Black "Mkrtchyan, Mariam"]
[Result "0-1"]
[WhiteTitle "WGM"]
[BlackTitle "WIM"]
[WhiteElo "2203"]
[BlackElo "2318"]
[WhiteTeam "Romania"]
[BlackTeam "Armenia"]
[WhiteFideId "1204327"]
[BlackFideId "13310828"]
[EventDate "2025.10.05"]

1. e4 e5 2. Nf3 Nc6 3. Bc4 Nf6 4. d3 Be7 5. O-O O-O 6. Re1 d6 7. c3 Na5 8. Bb5
a6 9. Ba4 b5 10. Bc2 c5 11. d4 Bg4 12. dxe5 Bxf3 13. Qxf3 dxe5 14. Nd2 Qd7 15.
h3 Rad8 16. Nf1 Nc4 17. a4 b4 18. Bb3 Na5 19. Rd1 Qb7 20. Bd5 Nxd5 21. exd5 f5
22. Ne3 e4 23. Qe2 f4 24. Nc4 Nb3 25. Rb1 Rxd5 26. Re1 e3 27. Bxe3 fxe3 28. Nxe3
Rd2 29. Qg4 Rfxf2 30. Rf1 Bh4 31. Rbd1 bxc3 32. bxc3 h5 33. Qc4+ Kh8 34. Rxd2
Nxd2 35. Qxh4 Qxg2+ 36. Nxg2 Rxf1+ 0-1

[Event "25th European Teams Women"]
[Site "Batumi GEO"]
[Date "2025.10.06"]
[Round "2.6"]
[Board "3"]
[White "Danielian, Elina"]
[Black "Lehaci, Miruna-Daria"]
[Result "1/2-1/2"]
[WhiteTitle "GM"]
[BlackTitle "WIM"]
[WhiteElo "2410"]
[BlackElo "2212"]
[WhiteTeam "Armenia"]
[BlackTeam "Romania"]
[WhiteFideId "13300210"]
[BlackFideId "1234765"]
[EventDate "2025.10.05"]

1. d4 e6 2. c4 Nf6 3. Nc3 Bb4 4. e3 d5 5. Qa4+ Nc6 6. Bd2 O-O 7. Nf3 a6 8. a3
Bxc3 9. Bxc3 Ne4 10. Qc2 h6 11. Rc1 Qe7 12. Bd3 Nxc3 13. Qxc3 dxc4 14. Qxc4 Bd7
15. O-O Rac8 16. Qb3 Na5 17. Qc3 Nc6 18. Bb1 Rfd8 19. h4 Qf6 20. e4 Ne7 21. h5
Qf4 22. Rfe1 b6 23. b4 Qg4 24. Ne5 Qxh5 25. Re3 Be8 26. Rh3 Qg5 27. Rg3 Qf6 28.
Rf3 Qg5 29. Rg3 Qf6 30. Bd3 b5 31. Bb1 Ng6 32. Rf3 Qe7 33. Nxg6 fxg6 34. e5 Rd7
35. Ba2 Rcd8 36. Qc6 Bf7 37. Rd3 Rxd4 38. Rxd4 Rxd4 39. Qxa6 Qg5 40. Qc8+ Kh7
41. Qxc7 Rd2 42. Bb1 Qf4 43. Rf1 Rd5 44. Re1 Qd2 45. Kf1 Rd7 46. Qc1 Qd4 47. Be4
Be8 48. Qe3 Qc4+ 49. Kg1 Rc7 50. Rd1 Rc8 51. Bb7 Rb8 52. Be4 Rc8 53. Bb7 Rb8 54.
Be4 Rc8 55. Bb7 Rb8 1/2-1/2

[Event "25th European Teams Women"]
[Site "Batumi GEO"]
[Date "2025.10.06"]
[Round "2.6"]
[Board "4"]
[White "Sgircea, Silvia-Raluca"]
[Black "Gaboyan, Susanna"]
[Result "0-1"]
[WhiteTitle "WIM"]
[BlackTitle "WIM"]
[WhiteElo "2219"]
[BlackElo "2165"]
[WhiteTeam "Romania"]
[BlackTeam "Armenia"]
[WhiteFideId "1213776"]
[BlackFideId "13303627"]
[EventDate "2025.10.05"]

1. d4 Nf6 2. Nf3 g6 3. g3 Bg7 4. Bg2 O-O 5. O-O d6 6. c4 Nbd7 7. Nc3 e5 8. e4 c6
9. Be3 exd4 10. Nxd4 Re8 11. Re1 Nc5 12. f3 a5 13. Rc1 Nfd7 14. Rc2 Ne5 15. Bf1
a4 16. Rd2 Qa5 17. a3 h5 18. h3 Kh7 19. f4 Ned7 20. Bf2 Nf6 21. Nf3 Kg8 22. Ng5
Bf8 23. Qf3 Ne6 24. Nxe6 Bxe6 25. Bd4 Bg7 26. Qf2 c5 27. Bxf6 Bxf6 28. Nb5 Rad8
29. Red1 d5 30. e5 Be7 31. cxd5 Bxh3 32. d6 Bxf1 33. Qxf1 Rd7 34. Nc7 Rxc7 35.
dxc7 Qxc7 36. Qb5 Qc8 37. Rd7 c4 38. Qxb7 Qc5+ 39. Kg2 h4 40. Qd5 Qe3 41. Qf3
h3+ 0-1

[Event "25th European Teams Women"]
[Site "Batumi GEO"]
[Date "2025.10.06"]
[Round "2.7"]
[Board "1"]
[White "Efroimski, Marsel"]
[Black "Daulyte-Cornette, Deimante"]
[Result "1/2-1/2"]
[WhiteTitle "IM"]
[BlackTitle "IM"]
[WhiteElo "2380"]
[BlackElo "2386"]
[WhiteTeam "Israel"]
[BlackTeam "France"]
[WhiteFideId "2810964"]
[BlackFideId "12802859"]
[EventDate "2025.10.05"]

1. e4 c5 2. Nf3 Nc6 3. Bb5 Nf6 4. Nc3 g6 5. O-O Bg7 6. h3 Nd4 7. e5 Nh5 8. Bc4
O-O 9. Re1 Nf4 10. d3 Nfe6 11. a4 d6 12. exd6 Qxd6 13. Ne4 Qc7 14. c3 Nf5 15.
Bd2 Bd7 16. Qc2 Rad8 17. Ra3 Nd6 18. Nxd6 exd6 19. Bd5 Bc6 20. Qb3 Rde8 21. Raa1
Qd7 22. Bxc6 Qxc6 23. Qb5 Qc8 24. Qc4 Qc6 25. Qb5 Qc8 26. Qc4 Qc6 27. Qb5 1/2-1/2

[Event "25th European Teams Women"]
[Site "Batumi GEO"]
[Date "2025.10.06"]
[Round "2.7"]
[Board "2"]
[White "Milliet, Sophie"]
[Black "Klinova, Masha"]
[Result "1/2-1/2"]
[WhiteTitle "IM"]
[BlackTitle "IM"]
[WhiteElo "2360"]
[BlackElo "2235"]
[WhiteTeam "France"]
[BlackTeam "Israel"]
[WhiteFideId "623725"]
[BlackFideId "2802015"]
[EventDate "2025.10.05"]

1. d4 d6 2. e4 Nf6 3. Nc3 e5 4. Nf3 Nbd7 5. Rg1 c6 6. g4 h6 7. Be3 Be7 8. Qd2 b5
9. a3 a6 10. h4 h5 11. gxh5 Nxh5 12. O-O-O Qc7 13. Ng5 Nf8 14. f4 exf4 15. Bxf4
Nxf4 16. Qxf4 Bf6 17. Qg3 Ne6 18. e5 dxe5 19. d5 Nf4 20. d6 Qa7 21. Nce4 Bf5 22.
d7+ Bxd7 23. Nd6+ Ke7 24. Ndxf7 Rhf8 25. Nd6 Rh8 26. Nde4 Rag8 27. Qb3 Nd5 28.
Rg3 Rxh4 29. Bg2 Rg4 30. Rxg4 Bxg4 31. Re1 Rd8 32. Qg3 Qd7 33. Kb1 Qf5 1/2-1/2

[Event "25th European Teams Women"]
[Site "Batumi GEO"]
[Date "2025.10.06"]
[Round "2.7"]
[Board "3"]
[White "Kochavi, Dana"]
[Black "Navrotescu, Andreea"]
[Result "1/2-1/2"]
[WhiteTitle "FM"]
[BlackTitle "WGM"]
[WhiteElo "2168"]
[BlackElo "2257"]
[WhiteTeam "Israel"]
[BlackTeam "France"]
[WhiteFideId "2837137"]
[BlackFideId "675946"]
[EventDate "2025.10.05"]

1. e4 e5 2. Nf3 Nc6 3. Bb5 a6 4. Ba4 d6 5. O-O Bg4 6. Bxc6+ bxc6 7. c4 c5 8. h3
Bd7 9. d3 g6 10. Nc3 Bg7 11. Bg5 f6 12. Bd2 Ne7 13. a3 g5 14. Nd5 Ng6 15. Ba5
Ra7 16. Ne1 h5 17. Nc2 g4 18. hxg4 hxg4 19. g3 Nf4 20. gxf4 f5 21. Kg2 Rh2+ 22.
Kxh2 Qh4+ 23. Kg1 g3 24. fxg3 Qxg3+ 25. Kh1 Qh3+ 26. Kg1 Qg3+ 27. Kh1 Qh3+ 28.
Kg1 1/2-1/2

[Event "25th European Teams Women"]
[Site "Batumi GEO"]
[Date "2025.10.06"]
[Round "2.7"]
[Board "4"]
[White "Negre, Emilie"]
[Black "Tashkinova, Sofiia"]
[Result "1-0"]
[WhiteTitle "WFM"]
[BlackTitle "WFM"]
[WhiteElo "2221"]
[BlackElo "2036"]
[WhiteTeam "France"]
[BlackTeam "Israel"]
[WhiteFideId "45187223"]
[BlackFideId "14188309"]
[EventDate "2025.10.05"]

1. d4 Nf6 2. c4 e6 3. Nc3 Bb4 4. f3 d6 5. e4 c5 6. d5 O-O 7. Bd3 Bxc3+ 8. bxc3
e5 9. Ne2 Nbd7 10. O-O a6 11. Ng3 Qc7 12. Qd2 b5 13. Nf5 Ne8 14. Qg5 Nb6 15. f4
f6 16. Qg4 bxc4 17. Bc2 Bxf5 18. Qxf5 Qe7 19. Rb1 Rb8 20. Qh3 exf4 21. Bxf4 g5
22. Be3 Nc7 23. Qg3 Nd7 24. h4 h6 25. Bf4 Rxb1 26. Rxb1 Ne5 27. Bxe5 fxe5 28.
Rb7 Qd8 29. hxg5 hxg5 30. Qh3 Rf7 31. Bd1 Qa8 32. Rb6 Nb5 33. a4 Qd8 34. Rc6 Nc7
35. Qh6 Ne8 36. Bg4 Qb8 37. Qxg5+ Rg7 38. Be6+ Kf8 39. Qc1 Qb3 40. Rxa6 Rg6 41.
Ra8 Rf6 42. Bd7 Ke7 43. Bxe8 Qa2 44. Qg5 Qf2+ 45. Kh2 Qf4+ 46. Qxf4 Rh6+ 47. Kg3
Rh3+ 48. Kxh3 1-0

[Event "25th European Teams Women"]
[Site "Batumi GEO"]
[Date "2025.10.06"]
[Round "2.8"]
[Board "1"]
[White "Kosteniuk, Alexandra"]
[Black "Sucikova, Svetlana"]
[Result "1-0"]
[WhiteTitle "GM"]
[BlackTitle "WIM"]
[WhiteElo "2469"]
[BlackElo "2162"]
[WhiteTeam "Switzerland"]
[BlackTeam "Slovakia"]
[WhiteFideId "4128125"]
[BlackFideId "14923653"]
[EventDate "2025.10.05"]

1. e4 c6 2. d4 d5 3. e5 Bf5 4. c4 e6 5. Nc3 Ne7 6. Nf3 h6 7. Be3 Nd7 8. c5 b6 9.
b4 a5 10. b5 Qc7 11. cxb6 Qxb6 12. Nd2 Rc8 13. Rc1 cxb5 14. Bxb5 Nc6 15. Qa4
Ndb8 16. O-O Bb4 17. a3 Bxc3 18. Rxc3 O-O 19. Rfc1 Na7 20. Bf1 Rxc3 21. Rxc3
Nbc6 22. Nb3 Rb8 23. Nc5 Qb1 24. Rb3 Rxb3 25. Qxb3 Qxb3 26. Nxb3 a4 27. Nc5 Bc2
28. Nb7 Bb3 29. Nd6 Na5 30. Bd2 Nc4 31. Bb4 Nc6 32. Bc5 f6 33. f4 Nxd6 34. exd6
Bc4 35. d7 Kf7 36. Bxc4 dxc4 37. Kf2 Nd8 38. Ke3 Nb7 39. Kd2 e5 40. dxe5 Ke6 41.
Kc3 fxe5 42. fxe5 h5 43. Kxc4 Kxd7 44. Bf8 g5 45. Kb5 Nd8 46. Bc5 Ne6 47. Be3 g4
48. Kxa4 Kc6 49. Kb4 Kd5 50. Kb5 Kxe5 51. Kc6 Ke4 52. Bb6 Nf4 53. a4 Nxg2 54. a5
h4 55. a6 g3 56. hxg3 h3 57. Bg1 Kf3 58. a7 Kxg3 59. a8=Q h2 60. Qa3+ 1-0

[Event "25th European Teams Women"]
[Site "Batumi GEO"]
[Date "2025.10.06"]
[Round "2.8"]
[Board "2"]
[White "Nadzamova, Viktoria"]
[Black "Manko, Mariia"]
[Result "1-0"]
[WhiteTitle "WFM"]
[BlackTitle "WIM"]
[WhiteElo "2126"]
[BlackElo "2298"]
[WhiteTeam "Slovakia"]
[BlackTeam "Switzerland"]
[WhiteFideId "14943999"]
[BlackFideId "14199220"]
[EventDate "2025.10.05"]

1. e4 c5 2. Nf3 Nc6 3. Bb5 g6 4. O-O Bg7 5. Re1 e5 6. Bxc6 dxc6 7. d3 Qc7 8. a3
Nf6 9. b4 O-O 10. Bb2 Re8 11. Nbd2 Nd7 12. Nb3 Qb6 13. Nbd2 cxb4 14. Nc4 Qc7 15.
axb4 b5 16. Ne3 Nb6 17. c4 Na4 18. Ba3 a6 19. Qc2 Qb6 20. Rac1 Bd7 21. h3 Rac8
22. c5 Qc7 23. g4 a5 24. Kg2 Kh8 25. h4 Rf8 26. Rh1 f5 27. h5 fxg4 28. Ng5 gxh5
29. Rxh5 h6 30. Rch1 Rf6 31. Nf5 Rxf5 32. Rxh6+ Bxh6 33. Rxh6+ Kg7 34. Rh7+ Kf6
35. exf5 Kxg5 36. Qd2+ Kxf5 37. Qh6 e4 38. dxe4+ Kxe4 39. Re7+ 1-0

[Event "25th European Teams Women"]
[Site "Batumi GEO"]
[Date "2025.10.06"]
[Round "2.8"]
[Board "3"]
[White "Hryzlova, Sofiia"]
[Black "Bochnickova, Simona"]
[Result "1-0"]
[WhiteTitle "WIM"]
[BlackTitle "WFM"]
[WhiteElo "2309"]
[BlackElo "2102"]
[WhiteTeam "Switzerland"]
[BlackTeam "Slovakia"]
[WhiteFideId "14174669"]
[BlackFideId "14958562"]
[EventDate "2025.10.05"]

1. Nf3 Nf6 2. g3 d5 3. Bg2 e6 4. O-O Bd6 5. d4 O-O 6. b3 Nc6 7. c4 dxc4 8. bxc4
e5 9. c5 Be7 10. dxe5 Qxd1 11. Rxd1 Ne4 12. Ba3 Bxc5 13. Bxc5 Nxc5 14. Nc3 Be6
15. Nb5 Rad8 16. Rdc1 b6 17. Nxc7 Bg4 18. Na6 Bxf3 19. Bxf3 Nxe5 20. Nxc5 Nxf3+
21. exf3 bxc5 22. Rxc5 Rd3 23. Ra5 Rd7 24. Rc1 g6 25. h4 Rb8 26. Rc2 Kg7 27. Kg2
Rbb7 28. f4 f5 29. Kf3 Rbc7 30. Rxc7 Rxc7 31. Ke3 Rd7 32. a4 Kf6 33. Ra6+ Kg7
34. a5 Kf7 35. Rc6 Kg7 36. a6 h5 37. Ke2 Kf7 38. Rc8 Re7+ 39. Kd3 Re6 40. Rc7+
Re7 41. Rb7 Ke6 42. Kd4 Re8 43. Rxa7 Rd8+ 44. Kc3 Rd6 45. Rg7 Kd5 46. a7 Ra6 47.
Kb4 Ra1 48. Kb5 Rb1+ 49. Ka6 Ra1+ 50. Kb7 Rb1+ 51. Kc8 Ra1 52. Kb8 Rb1+ 53. Rb7 1-0